| 000 | 00588nam a2200217Ia 4500 | ||
|---|---|---|---|
| 005 | 20250508165101.0 | ||
| 008 | 008 250505s9999 xx 000 0 eng d | ||
| 020 | _a0-949932-64-7 | ||
| 037 | _aTextual | ||
| 040 |
_aFEDL _beng _cFEDL |
||
| 041 |
_aeng _2eng |
||
| 084 |
_aB, AZA _qFEDL |
||
| 100 | _aAzad Maulana Abul Kalam | ||
| 245 | 0 | _aIndia wins freedom: The complete version | |
| 260 |
_aNew Delhi, India _bOrient Longman Limited _c1989 |
||
| 300 | _axiv,283p. | ||
| 365 |
_aINR _b125 |
||
| 546 | _aMACESE | ||
| 942 |
_cTEXL _hB, AZA |
||
| 999 |
_c1393062 _d1393062 |
||